Journey into geometries

Guardat en:
Dades bibliogràfiques
Autor principal: Sbed, Marta (Autor)
Format: Llibre
Idioma:anglès
Publicat: Washington, D.C The Mathematical Association of America 1990
Col·lecció:Spectrum Series
Matèries:
Etiquetes: Afegir etiqueta
Sense etiquetes, Sigues el primer a etiquetar aquest registre!

MARC

LEADER 00000nam a2200000 a 4500
001 UCZ6889
003 CL-VaPUC
008 951219e19900000US |||||||||||||||||eng|d
082 0 4 |a 516  |b SBE  |2 21 
100 0 |a Sbed, Marta  |e author  |9 351470 
245 1 0 |a Journey into geometries 
300 |a 182 p 
942 |c BK 
945 |d 19951219 00:00:00  |a rleighto 
260 |a Washington, D.C  |b The Mathematical Association of America  |c 1990 
650 0 |a Geometría   |9 264063 
583 |a last modification  |c 19951219 00:00:00  |k Rodrigo Vera 
490 0 |a Spectrum Series 
999 |c 243038  |d 243036 
952 |0 0  |1 0  |4 0  |6 516_000000000000000_SBE_1990  |7 0  |8 A  |9 256414  |a BIBMAT  |b BIBMAT  |d 2019-11-19  |i 3158772  |o 516 SBE 1990  |p 3158772  |r 2025-01-07  |w 2019-11-19  |y BK  |k MAT